[Event "Albena op 19th"]
[Site "Albena"]
[Date "2011.07.02"]
[Round "8"]
[White "Vioreanu, Bogdan Gabriel"]
[Black "Iliev, Atanas"]
[Result "1-0"]
[WhiteElo "2430"]
[BlackElo "1979"]
[PlyCount "43"]
[EventDate "2011.06.25"]
[EventType "swiss"]
[EventRounds "9"]
[EventCountry "BUL"]
[SourceTitle "CBM 143 Extra"]
[Source "ChessBase"]
[SourceDate "2011.08.29"]
[SourceVersion "1"]
[SourceVersionDate "2011.08.29"]
[SourceQuality "1"]

1. d4 d5 2. c4 c6 3. Nf3 Nf6 4. e3 e6 5. Nbd2 Nbd7 6. Bd3 b6 7. 0-0 Bd6 8. e4 dxe4 9. Nxe4 Nxe4 10. Bxe4 Bb7 11. Bc2 Qc7 12. Bd2 h6 13. b4 c5 14. bxc5 bxc5 15. d5 0-0 16. Re1 exd5 17. cxd5 Nf6 18. Rb1 Nxd5 19. Nh4 Bf4 20. Nf5 Qc6 21. Bxf4 g6 22. Qxd5 1-0

[Event "Albena op 19th"]
[Site "Albena"]
[Date "2011.06.30"]
[Round "6"]
[White "Reipsch, Jens"]
[Black "Iliev, Atanas"]
[Result "0-1"]
[WhiteElo "2237"]
[BlackElo "1979"]
[PlyCount "128"]
[EventDate "2011.06.25"]
[EventType "swiss"]
[EventRounds "9"]
[EventCountry "BUL"]
[SourceTitle "CBM 143 Extra"]
[Source "ChessBase"]
[SourceDate "2011.08.29"]
[SourceVersion "1"]
[SourceVersionDate "2011.08.29"]
[SourceQuality "1"]

1. e4 d5 2. exd5 Nf6 3. Nf3 Nxd5 4. c4 Nb6 5. c5 Nd5 6. Bc4 e6 7. d4 Be7 8. Nc3 b6 9. Ne5 0-0 10. c6 Nxc3 11. bxc3 f6 12. Nd7 Nxd7 13. Bxe6+ Kh8 14. cxd7 Bxd7 15. Bb3 Bb5 16. c4 Bb4+ 17. Kf1 Bc3 18. cxb5 Bxa1 19. Be3 Bb2 20. Qd2 Ba3 21. Qd3 f5 22. g4 f4 23. Bd2 Qh4 24. Bd5 Bd6 25. Bxa8 Rxa8 26. Qf3 Rf8 27. Kg2 Qg5 28. a4 h5 29. h3 Rf6 30. Re1 hxg4 31. hxg4 Rh6 32. Rh1 Rxh1 33. Kxh1 Qf6 34. Qa8+ Kh7 35. Qe4+ g6 36. Kg2 Qh4 37. Qe6 Kh6 38. Bc1 Kg5 39. Qd5+ Kh6 40. f3 Qg3+ 41. Kf1 Qh3+ 42. Ke2 Qg2+ 43. Kd1 Qf1+ 44. Kc2 Qe2+ 45. Kc3 Qd1 46. Bd2 Qxa4 47. Kd3 Qd1 48. Qe4 Qb1+ 49. Kc4 Qxe4 50. fxe4 Kg5 51. e5 Be7 52. Kd5 Kxg4 53. Kc6 f3 54. Be3 Kf5 55. Kxc7 Ke4 56. Bf2 g5 57. Kd7 Bb4 58. e6 Kf4 59. d5 Ke5 60. d6 Bxd6 61. Bg3+ Kd5 62. Bxd6 f2 63. e7 f1Q 64. e8Q Qxb5+ 0-1

[Event "BUL-ch U20"]
[Site "Shabla"]
[Date "2011.03.14"]
[Round "3.3"]
[White "Ninov, Dayan"]
[Black "Iliev, Atanas"]
[Result "1-0"]
[WhiteElo "2082"]
[BlackElo "2001"]
[PlyCount "73"]
[EventDate "2011.03.12"]
[EventType "tourn"]
[EventRounds "7"]
[EventCountry "BUL"]
[SourceTitle "CBM 141 Extra"]
[Source "ChessBase"]
[SourceDate "2011.05.03"]
[SourceVersion "1"]
[SourceVersionDate "2011.05.03"]
[SourceQuality "1"]

1. Nf3 d5 2. g3 Nf6 3. Bg2 g6 4. 0-0 Bg7 5. c4 0-0 6. cxd5 Nxd5 7. Nc3 c6 8. Qb3 e5 9. d3 h6 10. Nd2 Nb6 11. Nde4 Be6 12. Qa3 Na6 13. Be3 Nd5 14. Bc5 f5 15. Nxd5 Bxd5 16. Be7 Qc7 17. Bxf8 Rxf8 18. Nc5 Nxc5 19. Qxc5 Bxg2 20. Kxg2 a6 21. Rac1 Rd8 22. h4 Kh7 23. Qc4 Rd4 24. Qe6 Rd6 25. Qc4 Rd4 26. Qb3 Qe7 27. Rc4 f4 28. e3 Rd5 29. exf4 exf4 30. Rxf4 Rb5 31. Qf7 Qxf7 32. Rxf7 Rxb2 33. Re1 Kg8 34. Rd7 Rb5 35. Re8+ Bf8 36. g4 Rb4 37. d4 1-0

[Event "Albena op"]
[Site "Albena"]
[Date "2010.06.03"]
[Round "1"]
[White "Spassov, Liuben"]
[Black "Iliev, Atanas"]
[Result "1-0"]
[WhiteElo "2418"]
[BlackElo "1997"]
[PlyCount "85"]
[EventDate "2010.06.03"]
[EventType "swiss"]
[EventRounds "9"]
[EventCountry "BUL"]
[SourceTitle "CBM 136 Extra"]
[Source "ChessBase"]
[SourceDate "2010.07.02"]
[SourceVersion "2"]
[SourceVersionDate "2010.07.15"]
[SourceQuality "1"]

1. d4 d5 2. c4 e6 3. Nf3 Nf6 4. g3 Be7 5. Bg2 0-0 6. 0-0 b6 7. Nc3 Bb7 8. cxd5 Nxd5 9. Qc2 Nb4 10. Qb1 Nd7 11. a3 Nd5 12. e4 Nxc3 13. bxc3 c5 14. Be3 cxd4 15. cxd4 Nf6 16. Ne5 Rc8 17. Rd1 Nd7 18. Nd3 Nf6 19. f3 Rc3 20. a4 Qc7 21. Bf2 Rc8 22. Nf4 Ba6 23. Be1 Rc2 24. a5 Qc4 25. Bf2 b5 26. Nd3 b4 27. Bf1 Qc3 28. Ne1 Rb2 29. Qc1 Bxf1 30. Kxf1 b3 31. Qxc3 Rxc3 32. d5 Ra2 33. Rab1 exd5 34. exd5 Rcc2 35. Nxc2 bxc2 36. Rb8+ Bf8 37. Rc1 Rxa5 38. Rxc2 Rxd5 39. Ra8 g6 40. Bc5 Rxc5 41. Rxc5 Kg7 42. Rc7 Bb4 43. Raxa7 1-0

[Event "Albena op"]
[Site "Albena"]
[Date "2009.06.24"]
[Round "5"]
[White "Iliev, Atanas"]
[Black "Szamoskozi, Gabor"]
[Result "0-1"]
[WhiteElo "1969"]
[BlackElo "2307"]
[PlyCount "70"]
[EventDate "2009.06.20"]
[EventType "swiss"]
[EventRounds "9"]
[EventCountry "BUL"]
[SourceTitle "CBM 130 Extra"]
[Source "ChessBase"]
[SourceDate "2009.07.02"]
[SourceVersion "2"]
[SourceVersionDate "2009.07.15"]
[SourceQuality "1"]

1. e4 c5 2. Nf3 Nc6 3. d4 cxd4 4. Nxd4 Nf6 5. Nc3 e5 6. Ndb5 d6 7. Bg5 a6 8. Bxf6 gxf6 9. Na3 b5 10. Nd5 f5 11. Bd3 Be6 12. 0-0 Bg7 13. c4 fxe4 14. Bxe4 0-0 15. cxb5 Nd4 16. Nc3 d5 17. Bd3 e4 18. Be2 f5 19. bxa6 Nxe2+ 20. Qxe2 d4 21. Ncb5 d3 22. Qd2 Rxa6 23. Rfc1 Rb6 24. Qb4 Bd7 25. Rab1 Kh8 26. Rc5 Qe7 27. Rbc1 Rg6 28. Qd2 f4 29. Nc7 Bh3 30. g3 e3 31. Qxd3 exf2+ 32. Kxf2 fxg3+ 33. Kg1 Qxc5+ 34. Rxc5 Rf1+ 35. Qxf1 Bd4+ 0-1

[Event "BUL-chT2"]
[Site "Sunny Beach"]
[Date "2009.06.10"]
[Round "3.7"]
[White "Viktorov, Genadi"]
[Black "Iliev, Atanas"]
[Result "1-0"]
[WhiteElo "2189"]
[BlackElo "1969"]
[PlyCount "105"]
[EventDate "2009.06.08"]
[EventType "team-swiss"]
[EventRounds "7"]
[EventCountry "BUL"]
[SourceTitle "CBM 130 Extra"]
[Source "ChessBase"]
[SourceDate "2009.07.02"]
[SourceVersion "2"]
[SourceVersionDate "2009.07.15"]
[SourceQuality "1"]

1. d4 Nf6 2. c4 g6 3. Nc3 Bg7 4. e4 d6 5. f3 0-0 6. Be3 e5 7. d5 Ne8 8. Qd2 f5 9. 0-0-0 f4 10. Bf2 a5 11. h4 h6 12. Kb1 b6 13. g4 Na6 14. Nge2 Nc5 15. Nc1 Bd7 16. b3 Na6 17. Nb5 Nc5 18. a3 Qc8 19. Qc2 Qa6 20. g5 h5 21. Na2 a4 22. b4 Nb3 23. Nac3 Qb7 24. Bh3 Bxh3 25. Rxh3 Qa6 26. Rh2 Rf7 27. Bg1 Rd7 28. Ka2 Rdd8 29. Nxa4 Qxa4 30. Qxb3 Qa6 31. Ra1 Qb7 32. Kb1 c6 33. dxc6 Qxc6 34. Raa2 Rdc8 35. Rac2 Kh7 36. Qd3 Bf8 37. Qd5 Kg7 38. Kb2 Ra6 39. Qxc6 Rxc6 40. Nd4 Rc8 41. Ne6+ Kf7 42. Nxf8 Kxf8 43. b5 Ra4 44. Bxb6 Raxc4 45. Rxc4 Rxc4 46. Rc2 Rxc2+ 47. Kxc2 Ke7 48. a4 d5 49. exd5 Kd6 50. a5 Kd7 51. Kd3 Nd6 52. Bc5 Nxb5 53. Ke4 1-0

[Event "BUL-chT2"]
[Site "Sunny Beach"]
[Date "2009.06.08"]
[Round "1.4"]
[White "Iliev, Atanas"]
[Black "Stoilov, Atanas"]
[Result "0-1"]
[WhiteElo "1969"]
[BlackElo "2153"]
[PlyCount "58"]
[EventDate "2009.06.08"]
[EventType "team-swiss"]
[EventRounds "7"]
[EventCountry "BUL"]
[SourceTitle "CBM 130 Extra"]
[Source "ChessBase"]
[SourceDate "2009.07.02"]
[SourceVersion "2"]
[SourceVersionDate "2009.07.15"]
[SourceQuality "1"]

1. c4 Nf6 2. Nc3 g6 3. g3 Bg7 4. Bg2 0-0 5. Nf3 d5 6. cxd5 Nxd5 7. 0-0 c6 8. d4 Nd7 9. Nxd5 cxd5 10. Bf4 Qb6 11. b3 Nf6 12. Rc1 Bf5 13. Qd2 Ne4 14. Qb2 Rac8 15. Ne5 Nf6 16. Qa3 Qxd4 17. Rxc8 Bxc8 18. Qxe7 Nh5 19. e3 Qd2 20. Nd7 Nxf4 21. exf4 Bxd7 22. Qxd7 d4 23. f5 Qc3 24. fxg6 hxg6 25. Be4 Bf6 26. Qxb7 d3 27. Qxa7 d2 28. Qb7 Re8 29. Qd5 Rd8 0-1

[Event "BUL-ch U20"]
[Site "Sofia"]
[Date "2009.03.15"]
[Round "9"]
[White "Andreev, Sasho"]
[Black "Iliev, Atanas"]
[Result "1-0"]
[WhiteElo "2063"]
[BlackElo "1957"]
[PlyCount "98"]
[EventDate "2009.03.09"]
[EventType "swiss"]
[EventRounds "9"]
[EventCountry "BUL"]
[SourceTitle "CBM 129 Extra"]
[Source "ChessBase"]
[SourceDate "2009.05.05"]
[SourceVersion "2"]
[SourceVersionDate "2009.05.20"]
[SourceQuality "1"]

1. d4 Nf6 2. Nf3 g6 3. c4 Bg7 4. g3 0-0 5. Bg2 d6 6. 0-0 Nbd7 7. Nc3 e5 8. dxe5 dxe5 9. Be3 Ng4 10. Bg5 f6 11. Bd2 Nh6 12. Qc1 Nf7 13. Rd1 c6 14. Ne4 Qc7 15. c5 f5 16. Neg5 Nf6 17. Nxf7 Rxf7 18. Qc4 h6 19. Bc1 Nd5 20. Nh4 g5 21. Nxf5 Bxf5 22. e4 Bg4 23. f3 Be6 24. exd5 cxd5 25. Qb4 Bf8 26. Be3 d4 27. Bf2 Bxc5 28. Qd2 Raf8 29. f4 gxf4 30. gxf4 exf4 31. Bf3 Rg7+ 32. Kh1 Bg4 33. Bd5+ Kh8 34. Rg1 Qe5 35. Bg2 f3 36. Bf1 Rf5 37. Rxg4 Rxg4 38. Qxh6+ Kg8 39. Bc4+ Rf7 40. Re1 Qg7 41. Qh5 Rg2 42. Qxf3 Rxf2 43. Qxf2 Kf8 44. Qxf7+ Qxf7 45. Bxf7 Kxf7 46. Kg2 Kf6 47. Kf3 Kf5 48. h4 a5 49. h5 Kg5 1-0